03182nam a2200265Ia 4500001000700000003000500007008004100012010001100053040000900064082001600073111008400089245014100173260006600314300001100380503005900391504002700450505218200477650004302659650002102702650001702723650005302740650004002793700003702833700004602870Z_6783CHAP220113s2015 xx 000 0 und d a170061 cCHAP a615.532 F67 aForo Interinstitucional homeopatía y modernidad. (11: 2015: Chapingo, Méx.) aMemoria XII Foro Interinstitucional homeopatía y modernidad /ccoordinadores Felipe de Jesús Ruiz Espinoza y Deneb Camacho Morfín aChapingo, México :bUniversidad Autónoma Chapingo,c2015 a115 p. aej.1: donación \ ej.2: donación \ ej.3: donación aIncluye bibliografía aAtención de urgencias en veterinaria con homeopatía / Francisco Niño Murcia . -- Situación de la homeopatía veterinaria en México en 2015 / . -- Nosode en el manejo de roya anaranjada del café Hemileia vastatrix, en Huatusco Veracru / Sandra Ramos Reyes...[et al.] . -- La agrohomeopatía como alternativa asequible a la crisis de la cafeticultura en Chiapas, México / Juana Cruz Morales, Sergio A. Zapata Domínguez y Felipe de Jesús Ruiz Espinoza . -- Disminución de la población de picudo Anthonomus eugenii en plantas de Capsicum annuum con homeopáticos / Sabino Honorio Martínez Tomás...[et al.] . -- Reflecciones del avance de la homeopatía contra plagas agrícolas / Cesáreo Rodríguez Hernández . -- Manejo del hongo letal (Ustulina Deusta) en naranja valencia tardía con preparados homeopáticos, inductores de resistencia y microorganismos benéficos en el ejido de San Pablo, Veracruz / Manuel Ángel Gómez...[et al.] . -- Enraizamiento de estacas de albahaca, tratada con cinco medicamentos homeopáticos en agua y sustrato / Jorge Luis Sánche Sánchez , Pedro Rubiera Guzmán y Felipe de Jesús Espinoza Ruiz . -- Siembra de cebollín (Allium schoenoprasum) orgánico, en cajas de plastico, de las utilizadas en le embarque de aguacate / Jorge Luis Sánche Sánchez, Pedro Rubiera Guzmán y Felipe de Jesús Ruiz Espinoza . -- Agricultura urbana, universidad y agrohomeopatía / Jorge Luis Sánche Sánchez, Pedro Rubiera Guzmán y Felipe de Jesús Ruiz Espinoza . -- Agrohomeopatía conocimiento científico paa la conservación de la vida / Felipe de Jesús Ruiz Espinoza . -- El uso de jugo de sábila (Aloe barbadensis millier) como estimulante del desarrollo de la bolsa de fabricación en pollos de engorda / José Luis Cruz López...[et al] . -- Determinación del porcentaje de germinación en semillas de sotol (Dasylirion Cedrosanum Trel.) de diferente año de cosecha en diferentes sustratos en condiciones de invernadero / Gerardo Rivas Medina...[et al.] . -- Efectos de las microondas en la germinación de trigo (Triticum aestivum) / Felipe de Jesús Ruiz Espinoza...[et al.] aAgricultura alternativa xx Congresos aAgrohomeopatía aHomeopatía aHomeopatía xx Investigación xx Congresos aMedicina veterinaria xx Congresos a Camacho Morfín, Deneb, coord. aRuiz Espinoza, Felipe de Jesús, coord.